[Event "36th Balaton Open A 2018"]
[Site "Balatonlelle"]
[Date "2018.06.17"]
[Round "6"]
[White "Forgacs, Jozsef"]
[Black "Boguszlavszkij, Jevgenyij"]
[Result "1-0"]
[WhiteElo "2199"]
[BlackElo "2170"]
[Annotator "NA"]
[PlyCount "65"]
[EventDate "2018.06.12"]
[EventType "swiss"]
[EventCountry "HUN"]
[SourceTitle "playchess.com"]
[Source "ChessBase"]
[SourceQuality "1"]
[TimeControl "40/5400+30:1800+30"]

1. d4 {[%emt 0:01:58]} Nf6 {[%emt 0:02:02]} 2. c4 {[%emt 0:00:14]} e6 {[%emt 0:00:20]} 3. Nf3 {[%emt 0:00:12]} d5 {[%emt 0:00:27]} 4. Nc3 {[%emt 0:00:21]} Nbd7 {[%emt 0:00:21]} 5. cxd5 {[%emt 0:00:24]} exd5 {[%emt 0:00:05]} 6. Bg5 {[%emt 0:00:12]} Be7 {[%emt 0:00:16]} 7. e3 {[%emt 0:00:26]} Nf8 {[%emt 0:00:59]} 8. Qc2 {[%emt 0:01:36]} c6 {[%emt 0:00:13]} 9. Bd3 {[%emt 0:01:13]} Ng6 {[%emt 0:01:48]} 10. O-O {[%emt 0:11:53]} O-O {[%emt 0:01:44]} 11. Bxf6 {[%emt 0:02:18]} Bxf6 {[%emt 0:00:58]} 12. b4 {[%emt 0:00:11]} a6 {[%emt 0:00:27]} 13. a4 {[%emt 0:00:18]} Bd7 {[%emt 0:09:41]} 14. b5 {[%emt 0:06:47]} Qe7 {[%emt 0:01:05]} 15. Rfb1 {[%emt 0:04:04]} Rfc8 {[%emt 0:01:36]} 16. bxa6 {[%emt 0:00:25]} bxa6 {[%emt 0:00:21]} 17. a5 {[%emt 0:04:44]} Qd6 {[%emt 0:07:58]} 18. Na4 {[%emt 0:01:19]} Re8 $18 {[%emt 0:06:48]} 19. Nb6 {[%emt 0:09:28]} Ra7 {[%emt 0:00:22]} 20. Rc1 {[%emt 0:02:01]} Ne7 {[%emt 0:04:51]} 21. Qc5 {[%emt 0:08:25]} Qxc5 {[%emt 0:07:41]} 22. Rxc5 {[%emt 0:00:22]} Be6 {[%emt 0:06:05]} 23. Nd2 {[%emt 0:04:46]} Rd8 {[%emt 0:02:56]} 24. Nb3 {[%emt 0:03:54]} Rb8 {[%emt 0:20:35]} 25. Rcc1 {[%emt 0:05:18]} Nc8 {[%emt 0:06:27]} 26. Rxc6 {[%emt 0:04:51]} Bd8 {[%emt 0:00:36]} 27. Nxc8 {[%emt 0:07:14]} Rxc8 {[%emt 0:01:14]} 28. Rxa6 {[%emt 0:02:20]} Rxa6 {[%emt 0:02:37]} 29. Bxa6 {[%emt 0:00:04]} Rb8 {[%emt 0:02:48]} 30. Nc5 {[%emt 0:00:55]} Bf5 {[%emt 0:00:07]} 31. Bb7 {[%emt 0:00:42]} Bc8 {[%emt 0:01:44]} 32. a6 {[%emt 0:00:52]} Bxb7 {[%emt 0:00:12]} 33. axb7 {[%emt 0:00:24]} 1-0

[Event "36th Balaton Open A 2018"]
[Site "Balatonlelle"]
[Date "2018.06.17"]
[Round "6"]
[White "Atkins, Rita"]
[Black "Radics, Laszlo Dr"]
[Result "1-0"]
[WhiteElo "2071"]
[BlackElo "1909"]
[Annotator "NA"]
[PlyCount "53"]
[EventDate "2018.06.12"]
[EventType "swiss"]
[EventCountry "HUN"]
[SourceTitle "playchess.com"]
[Source "ChessBase"]
[SourceQuality "1"]
[TimeControl "40/5400+30:1800+30"]

1. d4 {[%emt 0:00:33]} f5 {[%emt 0:01:03]} 2. Bg5 {[%emt 0:00:41]} h6 {[%emt 0:00:31]} 3. Bh4 {[%emt 0:00:32]} g5 {[%emt 0:01:03]} 4. e4 {[%emt 0:00:54]} Bg7 {[%emt 0:00:57]} 5. Bg3 {[%emt 0:07:43]} fxe4 {[%emt 0:08:01]} 6. Qh5+ {[%emt 0:06:28]} Kf8 {[%emt 0:00:10]} 7. Nc3 {[%emt 0:10:46]} Nf6 {[%emt 0:01:40]} 8. Qg6 {[%emt 0:00:36]} d5 {[%emt 0:00:13]} 9. f3 {[%emt 0:00:58]} Be6 {[%emt 0:19:28]} 10. fxe4 $17 {[%emt 0:05:27]} dxe4 {[%emt 0:05:26]} 11. Be5 {[%emt 0:11:56]} Qd7 {[%emt 0:07:31]} 12. Bxf6 {[%emt 0:06:19]} exf6 {[%emt 0:03:47]} 13. Qxe4 {[%emt 0:00:56]} c6 {[%emt 0:06:35]} 14. O-O-O {[%emt 0:02:04]} Bd5 {[%emt 0:05:30]} 15. Qd3 {[%emt 0:10:29]} Na6 {[%emt 0:02:18]} 16. Nxd5 {[%emt 0:04:14]} cxd5 {[%emt 0:01:06]} 17. Qa3+ {[%emt 0:00:45]} Kf7 {[%emt 0:05:56]} 18. Bd3 {[%emt 0:02:24]} Nc7 {[%emt 0:01:50]} 19. Nf3 {[%emt 0:00:27]} Bf8 {[%emt 0:02:36]} 20. Qb3 {[%emt 0:00:32]} b5 {[%emt 0:00:16]} 21. Rhf1 {[%emt 0:00:41]} Kg7 {[%emt 0:00:35]} 22. Nh4 {[%emt 0:03:39]} Rg8 {[%emt 0:01:25]} 23. Nf5+ {[%emt 0:01:19]} Kh8 {[%emt 0:00:09]} 24. Nxh6 {[%emt 0:03:44]} Bxh6 {[%emt 0:00:14]} 25. Rxf6 {[%emt 0:00:04]} Kg7 {[%emt 0:01:47]} 26. Rg6+ {[%emt 0:00:26]} Kh7 27. Rd6+ {Qg7 Rf6+} 1-0

[Event "36th Balaton Open A 2018"]
[Site "Balatonlelle"]
[Date "2018.06.17"]
[Round "6"]
[White "Metaxasz, Vaszilisz"]
[Black "Terbe, Julianna"]
[Result "0-1"]
[WhiteElo "2047"]
[BlackElo "2242"]
[Annotator "NA"]
[PlyCount "47"]
[EventDate "2018.06.12"]
[EventType "swiss"]
[EventCountry "HUN"]
[SourceTitle "playchess.com"]
[Source "ChessBase"]
[SourceQuality "1"]
[TimeControl "40/5400+30:1800+30"]

1. d4 {[%emt 0:00:03]} Nf6 {[%emt 0:00:41]} 2. Nf3 {[%emt 0:01:41]} d5 {[%emt 0:00:10]} 3. g3 {[%emt 0:01:06]} c6 {[%emt 0:00:19]} 4. Bg2 {[%emt 0:00:34]} Bf5 {[%emt 0:00:08]} 5. O-O {[%emt 0:01:05]} e6 {[%emt 0:00:04]} 6. b3 {[%emt 0:01:29]} h6 {[%emt 0:01:22]} 7. Bb2 {[%emt 0:00:13]} Be7 {[%emt 0:00:05]} 8. c4 {[%emt 0:00:36]} O-O {[%emt 0:00:05]} 9. Nc3 {[%emt 0:01:13]} Nbd7 {[%emt 0:00:45]} 10. cxd5 {[%emt 0:02:20]} exd5 {[%emt 0:00:18]} 11. Ne5 {[%emt 0:02:45]} Re8 {[%emt 0:03:20]} 12. Qd2 {[%emt 0:21:26]} Bb4 {[%emt 0:03:20]} 13. Qf4 {[%emt 0:02:25]} Bh7 {[%emt 0:01:04]} 14. a3 {[%emt 0:02:36]} Ba5 {[%emt 0:00:52]} 15. Nxd7 {[%emt 0:01:48]} Qxd7 {[%emt 0:00:41]} 16. b4 {[%emt 0:05:00]} Bc7 {[%emt 0:00:12]} 17. Qh4 {[%emt 0:01:21]} (17. Qd2 $15) 17... Ne4 {[%emt 0:07:28]} (17... a5 $19 18. bxa5 Bxa5) 18. Nxe4 {[%emt 0:10:43]} dxe4 $15 {[%emt 0:04:58]} 19. Rad1 {[%emt 0:06:39]} Bf5 {[%emt 0:05:28]} 20. f3 {[%emt 0:17:38]} Bd8 {[%emt 0:07:48]} 21. Qh5 {[%emt 0:00:16]} Bg5 {[%emt 0:00:09]} 22. g4 {[%emt 0:00:13]} exf3 {[%emt 0:00:23]} 23. exf3 {[%emt 0:05:07]} Bc2 {[%emt 0:05:54]} 24. f4 {[%emt 0:00:59]} 0-1

[Event "36th Balaton Open A 2018"]
[Site "Balatonlelle"]
[Date "2018.06.17"]
[Round "6"]
[White "Trajber, Daniel"]
[Black "Leszko, Bence"]
[Result "1-0"]
[WhiteElo "2022"]
[BlackElo "2096"]
[Annotator "NA"]
[PlyCount "98"]
[EventDate "2018.06.12"]
[EventType "swiss"]
[EventCountry "HUN"]
[SourceTitle "playchess.com"]
[Source "ChessBase"]
[SourceQuality "1"]
[TimeControl "40/5400+30:1800+30"]

1. d4 {[%emt 0:06:42]} e6 {[%emt 0:00:51]} 2. Nf3 {[%emt 0:00:28]} b6 {[%emt 0:00:14]} 3. Bf4 {[%emt 0:00:34]} Bb7 {[%emt 0:00:08]} 4. e3 {[%emt 0:00:18]} f5 {[%emt 0:00:09]} 5. Bd3 {[%emt 0:01:01]} Nf6 {[%emt 0:00:28]} 6. h3 {[%emt 0:01:06]} Be7 {[%emt 0:00:29]} 7. Nbd2 {[%emt 0:00:42]} Ne4 {[%emt 0:01:38]} 8. O-O {[%emt 0:04:21]} O-O {[%emt 0:02:07]} 9. c3 {[%emt 0:01:47]} d6 {[%emt 0:02:02]} 10. Qc2 {[%emt 0:03:32]} Nxd2 {[%emt 0:00:29]} 11. Nxd2 {[%emt 0:00:20]} Bf6 {[%emt 0:05:41]} 12. Bh2 {[%emt 0:04:35]} g6 {[%emt 0:04:40]} 13. e4 {[%emt 0:01:58]} Bg7 {[%emt 0:00:33]} 14. Qb3 {[%emt 0:05:14]} d5 {[%emt 0:02:25]} 15. exf5 {[%emt 0:01:32]} exf5 {[%emt 0:00:21]} 16. Rfe1 {[%emt 0:02:40]} Nd7 {[%emt 0:01:14]} 17. Qa3 $14 {[%emt 0:08:20]} ({Better is} 17. Nf3 $16) 17... Rf7 {[%emt 0:32:16]} 18. Ba6 {[%emt 0:06:59]} Bc6 {[%emt 0:05:03]} 19. Re6 {[%emt 0:01:52]} Rf6 {[%emt 0:00:50]} 20. Rxc6 {[%emt 0:03:24]} Rxc6 {[%emt 0:06:32]} 21. Bb7 {[%emt 0:00:22]} Rf6 {[%emt 0:17:50]} 22. Bxd5+ {[%emt 0:01:19]} Kh8 {[%emt 0:00:16]} 23. Bxa8 {[%emt 0:01:22]} Qxa8 {[%emt 0:00:01]} 24. Bxc7 {[%emt 0:01:38]} Re6 {[%emt 0:00:10]} 25. Nf3 {[%emt 0:01:48]} h6 {[%emt 0:00:40]} 26. Qa4 {[%emt 0:02:01]} Qe8 {[%emt 0:00:59]} 27. Kf1 {[%emt 0:03:38]} Qc8 {[%emt 0:02:52]} 28. Bh2 {[%emt 0:04:13]} b5 {[%emt 0:01:41]} 29. Qxb5 {[%emt 0:00:43]} Rb6 {[%emt 0:00:09]} 30. Qe2 {[%emt 0:00:31]} Nf6 {[%emt 0:01:13]} 31. Ne5 {[%emt 0:01:05]} Kh7 {[%emt 0:00:08]} 32. Re1 {[%emt 0:01:22]} Ne4 {[%emt 0:00:30]} 33. f3 {[%emt 0:01:04]} Nf6 {[%emt 0:00:52]} 34. c4 {[%emt 0:00:58]} Nh5 {[%emt 0:00:36]} 35. g4 {[%emt 0:01:15]} fxg4 {[%emt 0:00:33]} 36. hxg4 {[%emt 0:00:16]} Nf6 {[%emt 0:01:00]} 37. b3 {[%emt 0:03:12]} h5 {[%emt 0:00:15]} 38. Qd3 {[%emt 0:01:07]} Ng8 {[%emt 0:00:51]} 39. Kg2 {[%emt 0:04:44]} hxg4 {[%emt 0:00:32]} 40. Nxg4 {[%emt 0:00:00]} Qa6 {[%emt 0:00:53]} 41. Re2 {[%emt 0:04:18]} Qb7 {[%emt 0:01:30]} 42. c5 {[%emt 0:01:48]} Rb4 {[%emt 0:00:08]} 43. Ne5 {[%emt 0:00:22]} Ne7 {[%emt 0:00:35]} 44. c6 {[%emt 0:01:09]} Qb6 {[%emt 0:00:37]} 45. Nxg6 {[%emt 0:09:05]} Rxd4 {[%emt 0:00:49]} 46. Qc2 {[%emt 0:02:00]} Nxg6 {[%emt 0:00:51]} 47. Re6 {[%emt 0:00:11]} Kh8 {[%emt 0:00:43]} 48. Qxg6 {[%emt 0:01:50]} Rd2+ {[%emt 0:01:15]} 49. Kh3 {[%emt 0:00:51]} Rd8 {[%emt 0:01:52]} 1-0

[Event "36th Balaton Open A 2018"]
[Site "Balatonlelle"]
[Date "2018.06.17"]
[Round "6"]
[White "Tancsa, Tamas"]
[Black "Ronce, Nathan"]
[Result "1/2-1/2"]
[WhiteElo "1965"]
[BlackElo "2210"]
[Annotator "NA"]
[PlyCount "43"]
[EventDate "2018.06.12"]
[EventType "swiss"]
[EventCountry "HUN"]
[SourceTitle "playchess.com"]
[Source "ChessBase"]
[SourceQuality "1"]
[TimeControl "40/5400+30:1800+30"]

1. e4 {[%emt 0:00:03]} d5 {[%emt 0:13:47]} 2. exd5 {[%emt 0:00:40]} Nf6 {[%emt 0:00:15]} 3. Nf3 {[%emt 0:00:31]} Bg4 {[%emt 0:00:29]} 4. c4 {[%emt 0:01:14]} c6 {[%emt 0:06:12]} 5. dxc6 {[%emt 0:00:54]} Nxc6 {[%emt 0:00:08]} 6. Be2 {[%emt 0:00:46]} e5 {[%emt 0:00:50]} 7. d3 {[%emt 0:01:23]} Bb4+ {[%emt 0:09:15]} 8. Bd2 {[%emt 0:01:59]} Bc5 {[%emt 0:01:24]} 9. Bg5 {[%emt 0:14:31]} e4 {[%emt 0:09:19]} 10. dxe4 {[%emt 0:02:00]} Qxd1+ {[%emt 0:03:21]} 11. Bxd1 {[%emt 0:00:19]} Bxf2+ {[%emt 0:05:52]} 12. Kxf2 {[%emt 0:03:09]} Nxe4+ {[%emt 0:00:25]} 13. Ke3 {[%emt 0:01:58]} Bxf3 {[%emt 0:00:07]} 14. Bxf3 {[%emt 0:01:10]} Nxg5 {[%emt 0:00:31]} 15. Bxc6+ {[%emt 0:06:55]} bxc6 $11 {[%emt 0:00:19]} 16. h4 {[%emt 0:00:30]} Ne6 {[%emt 0:00:10]} 17. Nc3 {[%emt 0:00:23]} O-O-O {[%emt 0:01:22]} 18. Rad1 {[%emt 0:00:30]} Rhe8 {[%emt 0:01:44]} 19. Rxd8+ {[%emt 0:01:38]} Kxd8 {[%emt 0:00:12]} 20. b4 {[%emt 0:02:46]} f5 {[%emt 0:06:14]} 21. g3 {[%emt 0:08:42]} Kc7 {[%emt 0:05:50]} 22. Rd1 {[%emt 0:01:03]} 1/2-1/2

[Event "36th Balaton Open A 2018"]
[Site "Balatonlelle"]
[Date "2018.06.17"]
[Round "6"]
[White "Schmuck, Corentin"]
[Black "Gaal, Ede"]
[Result "1-0"]
[WhiteElo "1925"]
[BlackElo "2141"]
[Annotator "NA"]
[PlyCount "79"]
[EventDate "2018.06.12"]
[EventType "swiss"]
[EventCountry "HUN"]
[SourceTitle "playchess.com"]
[Source "ChessBase"]
[SourceQuality "1"]
[TimeControl "40/5400+30:1800+30"]

1. e4 {[%emt 0:11:54]} c5 {[%emt 0:00:58]} 2. Nc3 {[%emt 0:00:16]} e6 {[%emt 0:00:47]} 3. g3 {[%emt 0:02:20]} Nc6 {[%emt 0:00:31]} 4. Bg2 {[%emt 0:00:15]} g6 {[%emt 0:02:05]} 5. Nge2 {[%emt 0:03:30]} Bg7 {[%emt 0:01:08]} 6. O-O {[%emt 0:02:59]} d6 {[%emt 0:01:13]} 7. d3 {[%emt 0:02:20]} a6 {[%emt 0:00:51]} 8. a4 {[%emt 0:04:24]} Nge7 {[%emt 0:03:05]} 9. Be3 {[%emt 0:08:27]} Bd7 {[%emt 0:03:18]} 10. Qd2 {[%emt 0:08:55]} h5 {[%emt 0:05:13]} 11. h4 {[%emt 0:02:35]} Nd4 {[%emt 0:02:44]} 12. f4 Qc7 {[%emt 0:04:52]} 13. f5 {[%emt 0:17:18]} gxf5 {[%emt 0:01:25]} 14. exf5 {[%emt 0:00:41]} Nexf5 {[%emt 0:00:43]} 15. Bg5 {[%emt 0:05:56]} Be5 {[%emt 0:01:49]} 16. Nxd4 {[%emt 0:04:06]} Bxd4+ {[%emt 0:00:22]} 17. Kh2 {[%emt 0:00:08]} Bc6 {[%emt 0:12:38]} 18. Rxf5 {[%emt 0:08:43]} exf5 {[%emt 0:00:55]} 19. Re1+ {[%emt 0:01:03]} Be5 {[%emt 0:00:45]} 20. Nd5 {[%emt 0:05:07]} Bxd5 {[%emt 0:00:23]} 21. Bxd5 {[%emt 0:00:06]} Kd7 {[%emt 0:05:54]} 22. Qf2 {[%emt 0:02:09]} f4 {[%emt 0:05:29]} 23. gxf4 {[%emt 0:00:07]} Bd4 {[%emt 0:01:02]} 24. Re7+ {[%emt 0:00:14]} Kc8 {[%emt 0:01:04]} 25. Rxc7+ {[%emt 0:00:33]} Kxc7 {[%emt 0:00:09]} 26. Qf3 {[%emt 0:00:15]} f6 {[%emt 0:04:31]} 27. c3 {[%emt 0:03:49]} fxg5 {[%emt 0:00:18]} 28. cxd4 {[%emt 0:00:05]} g4 {[%emt 0:00:29]} 29. Qh1 {[%emt 0:00:21]} Rae8 {[%emt 0:00:23]} 30. Bxb7 {[%emt 0:00:50]} Re2+ {[%emt 0:05:36]} 31. Kg3 {[%emt 0:00:03]} Rhe8 {[%emt 0:00:31]} 32. Qc6+ {[%emt 0:00:47]} Kb8 {[%emt 0:00:34]} 33. f5 {[%emt 0:00:25]} R8e3+ {[%emt 0:04:43]} 34. Kf4 {[%emt 0:00:04]} Rxd3 {[%emt 0:02:03]} 35. a5 {[%emt 0:00:33]} Rxd4+ {[%emt 0:01:24]} 36. Kg5 {[%emt 0:00:08]} Re8 {[%emt 0:00:44]} 37. Qxe8+ {[%emt 0:00:30]} Kxb7 {[%emt 0:00:05]} 38. Qd7+ {[%emt 0:00:12]} Kb8 {[%emt 0:00:31]} 39. f6 {[%emt 0:00:38]} Rd5+ {[%emt 0:02:48]} 40. Kh6 {[%emt 0:00:00]} 1-0

[Event "36th Balaton Open A 2018"]
[Site "Balatonlelle"]
[Date "2018.06.17"]
[Round "6"]
[White "Farkas, Otto Jr"]
[Black "Ananya Rishi Gupta"]
[Result "0-1"]
[WhiteElo "1744"]
[BlackElo "1968"]
[Annotator "NA"]
[PlyCount "46"]
[EventDate "2018.06.12"]
[EventType "swiss"]
[EventCountry "HUN"]
[SourceTitle "playchess.com"]
[Source "ChessBase"]
[SourceQuality "1"]
[TimeControl "40/5400+30:1800+30"]

1. e4 {[%emt 0:03:10]} e5 {[%emt 0:01:14]} 2. Nf3 {[%emt 0:00:10]} Nc6 {[%emt 0:00:24]} 3. Bb5 {[%emt 0:00:07]} a6 {[%emt 0:00:27]} 4. Ba4 {[%emt 0:00:05]} Nf6 {[%emt 0:00:26]} 5. O-O {[%emt 0:00:08]} Nxe4 {[%emt 0:00:40]} 6. d4 {[%emt 0:00:40]} b5 {[%emt 0:00:13]} 7. Bb3 {[%emt 0:00:11]} d5 {[%emt 0:00:52]} 8. dxe5 {[%emt 0:02:46]} Be6 {[%emt 0:00:26]} 9. c3 {[%emt 0:04:06]} Be7 {[%emt 0:01:52]} 10. Nd4 {[%emt 0:01:17]} Nxe5 {[%emt 0:06:02]} 11. f4 {[%emt 0:06:09]} Nc4 {[%emt 0:11:49]} 12. Bxc4 {[%emt 0:00:14]} bxc4 $17 {[%emt 0:01:31]} 13. Nxe6 {[%emt 0:05:40]} fxe6 {[%emt 0:00:13]} 14. Qh5+ {[%emt 0:02:09]} g6 {[%emt 0:04:49]} 15. Qe5 {[%emt 0:00:15]} Kd7 {[%emt 0:03:13]} 16. Rd1 {[%emt 0:11:54]} Bc5+ {[%emt 0:03:38]} 17. Kf1 {[%emt 0:00:14]} Qh4 {[%emt 0:04:24]} 18. Rxd5+ {[%emt 0:03:54]} exd5 {[%emt 0:07:44]} 19. Qxd5+ {[%emt 0:00:07]} Bd6 {[%emt 0:03:17]} 20. g3 {[%emt 0:03:53]} Qxh2 {[%emt 0:06:28]} 21. Qxe4 {[%emt 0:01:51]} Rae8 {[%emt 0:00:18]} 22. Qf3 {[%emt 0:00:21]} Qh3+ {[%emt 0:00:51]} 23. Kf2 {[%emt 0:00:05]} Bc5+ {[%emt 0:00:08]} 0-1

[Event "36th Balaton Open A 2018"]
[Site "Balatonlelle"]
[Date "2018.06.18"]
[Round "7"]
[White "Nagy, Daniel"]
[Black "Sardy, Peter"]
[Result "1-0"]
[WhiteElo "2312"]
[BlackElo "2340"]
[Annotator "NA"]
[PlyCount "49"]
[EventDate "2018.06.12"]
[EventType "swiss"]
[EventCountry "HUN"]
[SourceTitle "playchess.com"]
[Source "ChessBase"]
[SourceQuality "1"]
[TimeControl "40/5400+30:1800+30"]

1. d4 {[%emt 0:00:07]} d6 {[%emt 0:00:43]} 2. c4 {[%emt 0:00:18]} g6 {[%emt 0:00:26]} 3. Nf3 {[%emt 0:00:06]} Bg7 {[%emt 0:00:33]} 4. g3 {[%emt 0:00:07]} Nf6 {[%emt 0:00:20]} 5. Bg2 {[%emt 0:00:05]} O-O {[%emt 0:00:07]} 6. Nc3 {[%emt 0:00:05]} c5 {[%emt 0:00:33]} 7. d5 {[%emt 0:01:16]} a6 {[%emt 0:02:50]} 8. Qd3 {[%emt 0:04:50]} ({White should play} 8. O-O $14) 8... Bg4 {[%emt 0:11:46]} (8... b5 $11) 9. h3 {[%emt 0:08:35]} Bxf3 {[%emt 0:00:26]} 10. exf3 {[%emt 0:00:02]} Nfd7 {[%emt 0:16:54]} 11. O-O {[%emt 0:03:10]} Qc7 $16 {[%emt 0:03:39]} 12. Re1 {[%emt 0:10:58]} Re8 {[%emt 0:00:55]} 13. f4 {[%emt 0:03:37]} b5 {[%emt 0:04:18]} 14. cxb5 {[%emt 0:02:04]} c4 {[%emt 0:00:12]} 15. Qe2 {[%emt 0:05:43]} Bxc3 {[%emt 0:01:05]} 16. bxc3 {[%emt 0:00:01]} axb5 {[%emt 0:00:06]} 17. Be3 {[%emt 0:00:40]} Nc5 {[%emt 0:01:12]} 18. h4 {[%emt 0:03:55]} Nbd7 {[%emt 0:02:28]} 19. h5 {[%emt 0:01:16]} Ra3 {[%emt 0:01:27]} 20. hxg6 {[%emt 0:00:56]} hxg6 {[%emt 0:00:05]} 21. Bd4 {[%emt 0:02:20]} Qa5 {[%emt 0:15:48]} 22. Qg4 {[%emt 0:05:10]} Nf8 {[%emt 0:02:26]} 23. Qh4 {[%emt 0:01:54]} f6 {[%emt 0:04:39]} 24. Bxf6 {[%emt 0:02:01]} Kf7 {[%emt 0:00:18]} 25. Bh8 {[%emt 0:05:14]} 1-0

[Event "36th Balaton Open A 2018"]
[Site "Balatonlelle"]
[Date "2018.06.18"]
[Round "7"]
[White "Haszon, David"]
[Black "Schmuck, Corentin"]
[Result "1-0"]
[WhiteElo "2246"]
[BlackElo "1925"]
[Annotator "NA"]
[PlyCount "149"]
[EventDate "2018.06.12"]
[EventType "swiss"]
[EventCountry "HUN"]
[SourceTitle "playchess.com"]
[Source "ChessBase"]
[SourceQuality "1"]
[TimeControl "40/5400+30:1800+30"]

1. e4 {[%emt 0:00:04]} e6 {[%emt 0:00:39]} 2. d4 {[%emt 0:00:14]} d5 {[%emt 0:00:10]} 3. Nd2 {[%emt 0:00:21]} Nc6 {[%emt 0:00:16]} 4. Ngf3 {[%emt 0:00:24]} Nf6 {[%emt 0:00:12]} 5. e5 {[%emt 0:00:51]} Nd7 {[%emt 0:00:18] Bd} 6. Bd3 {[%emt 0:00:24]} Nb4 {[%emt 0:01:44]} 7. Be2 {[%emt 0:00:28]} c5 {[%emt 0:00:53]} 8. c3 {[%emt 0:00:07]} Nc6 {[%emt 0:00:36]} 9. O-O {[%emt 0:00:16]} Be7 {[%emt 0:04:13] C04: French Tarrasch: 3...Nc6} (9... a5 10. a4 Be7 11. Nb1 O-O 12. Na3 cxd4 13. cxd4 f6 14. exf6 Nxf6 15. Nb5 Bd7 16. Re1 Ne4 17. Bd3 {1-0 (25) Nisipeanu,L (2687)-Richter,M (2505) Germany 2016}) 10. Re1 {[%emt 0:00:59]} O-O {[%emt 0:02:05]} 11. Nf1 {[%emt 0:03:42]} cxd4 {[%emt 0:03:14]} 12. cxd4 {[%emt 0:00:14]} f6 {[%emt 0:00:16]} 13. exf6 {[%emt 0:00:19]} Nxf6 {[%emt 0:01:36]} 14. a3 {[%emt 0:02:28]} Bd6 {[%emt 0:02:32]} 15. Bd3 {[%emt 0:01:26]} Qc7 {[%emt 0:03:50]} 16. Bg5 $146 {[%emt 0:04:22]} ({Predecessor:} 16. Be3 e5 17. dxe5 Nxe5 18. Nxe5 Bxe5 19. Rc1 Qf7 20. Bc5 Re8 21. Bb5 {½-½ (36) Kummerow,H (2337)-Messarius,J (2234) Herne 2012}) 16... e5 {[%emt 0:11:37]} 17. dxe5 {[%emt 0:00:42]} Nxe5 {[%emt 0:00:16]} 18. Rc1 {[%emt 0:02:28]} Nc6 {[%emt 0:13:39]} 19. Bb1 {[%emt 0:08:49]} Bf4 {[%emt 0:08:38]} 20. Bxf6 {[%emt 0:04:22]} Bxc1 {[%emt 0:00:33]} 21. Qxd5+ {[%emt 0:00:34]} Kh8 {[%emt 0:03:32]} 22. Bc3 {[%emt 0:00:51]} Bh6 {[%emt 0:05:23]} 23. Ng3 {[%emt 0:01:13]} Ne7 {[%emt 0:04:50]} 24. Qh5 {[%emt 0:04:39]} Ng8 {[%emt 0:02:19]} 25. Ne5 {[%emt 0:05:16]} Nf6 {[%emt 0:06:48]} 26. Qh4 {[%emt 0:08:18]} Be6 {[%emt 0:05:00]} 27. Ne4 {[%emt 0:11:52]} Nxe4 {[%emt 0:02:45]} 28. Rxe4 {[%emt 0:09:05]} Kg8 {[%emt 0:01:35]} 29. Ng4 {[%emt 0:05:44]} Bxg4 {[%emt 0:02:11]} 30. Qxh6 $2 {[%emt 0:02:14]} ({Schwächer ist} 30. Qxg4 Qf7 $14) (30. Rxg4 $18 Rfd8 31. g3 Rd1+ 32. Kg2 Rxb1 33. Qxh6 Qc6+ 34. Qxc6 bxc6 35. Rxg7+ Kf8 36. Rxh7) 30... Qxc3 {[%emt 0:04:59]} 31. bxc3 {[%emt 0:01:50]} gxh6 {[%emt 0:00:15]} 32. Rxg4+ {[%emt 0:00:08]} Kh8 {[%emt 0:01:26]} 33. Be4 {[%emt 0:02:50]} Rac8 {[%emt 0:00:46]} 34. Rg3 {[%emt 0:00:50]} b6 {[%emt 0:00:22]} 35. h3 {[%emt 0:01:14]} Rc7 {[%emt 0:00:10]} 36. Bd5 {[%emt 0:00:52]} Rc5 {[%emt 0:04:17]} 37. c4 {[%emt 0:02:19]} b5 {[%emt 0:00:36]} 38. Rg4 {[%emt 0:03:17]} h5 {[%emt 0:01:10]} 39. Rd4 {[%emt 0:01:11]} Rd8 {[%emt 0:01:44]} 40. Re4 {[%emt 0:00:00]} bxc4 {[%emt 0:01:07]} 41. Bxc4 {[%emt 0:00:36]} Rd7 {[%emt 0:04:47]} 42. a4 {[%emt 0:03:24]} Kg7 {[%emt 0:00:59]} 43. Bb5 {[%emt 0:01:41]} Rdc7 {[%emt 0:00:46]} 44. g3 {[%emt 0:02:03]} Rf5 {[%emt 0:04:07]} 45. Re2 $17 {[%emt 0:01:32]} h4 {[%emt 0:06:04]} 46. Kg2 {[%emt 0:00:56]} hxg3 {[%emt 0:00:59]} 47. fxg3 {[%emt 0:00:34]} Rfc5 {[%emt 0:00:45]} 48. Kf3 {[%emt 0:01:23]} Rf7+ {[%emt 0:02:23]} 49. Kg4 {[%emt 0:01:49]} Rc3 {[%emt 0:01:48]} 50. Kh4 {[%emt 0:08:51]} Rff3 {[%emt 0:03:54]} 51. Re7+ {[%emt 0:03:17]} Rf7 {[%emt 0:00:24]} 52. Re4 {[%emt 0:01:54]} Rf6 {[%emt 0:00:59]} 53. Be2 {[%emt 0:02:40]} Rh6+ {[%emt 0:01:08]} 54. Bh5 {[%emt 0:00:15]} Rc7 {[%emt 0:00:27]} 55. g4 {[%emt 0:00:19]} Rd6 {[%emt 0:00:32]} 56. Re5 {[%emt 0:03:31]} Rd3 {[%emt 0:01:01]} 57. Rg5+ {[%emt 0:00:49]} Kf6 {[%emt 0:00:14]} 58. Ra5 {[%emt 0:00:37]} h6 {[%emt 0:02:21]} 59. Ra6+ {[%emt 0:00:12]} Kg7 {[%emt 0:00:09]} 60. Bg6 {[%emt 0:01:13]} Ra3 {[%emt 0:01:00]} 61. Bf5 {[%emt 0:00:25]} Re3 {[%emt 0:01:34]} 62. Rg6+ {[%emt 0:00:19]} Kf8 {[%emt 0:01:02]} 63. Rxh6 {[%emt 0:00:21]} Rg7 {[%emt 0:00:59]} 64. Rf6+ {[%emt 0:00:31]} Ke7 {[%emt 0:00:21]} 65. Ra6 {[%emt 0:00:33]} Kf8 {[%emt 0:00:07]} 66. g5 {[%emt 0:01:02]} Re1 {[%emt 0:01:03]} 67. Kh5 {[%emt 0:01:27]} Rf1 {[%emt 0:00:44]} 68. Ra5 {[%emt 0:01:05]} Rg1 {[%emt 0:00:26]} 69. h4 {[%emt 0:00:49]} Rg3 {[%emt 0:01:09]} 70. Rb5 {[%emt 0:00:58]} Ra3 {[%emt 0:00:43]} 71. Rb8+ {[%emt 0:01:14]} Ke7 {[%emt 0:00:06]} 72. Kh6 {[%emt 0:01:25]} Rf7 {[%emt 0:00:06]} 73. Kg6 {[%emt 0:00:21]} Rxf5 {[%emt 0:02:24]} 74. Kxf5 {[%emt 0:00:21]} Rxa4 {[%emt 0:00:07]} 75. h5 {[%emt 0:00:49]} 1-0